| 000 | 00659nam a22001937a 4500 | ||
|---|---|---|---|
| 005 | 20231211145932.0 | ||
| 010 | _aENG-137665 | ||
| 020 |
_a9789392080692 _c240.00 |
||
| 035 | _aEN-121197 | ||
| 037 | _bKitab Mahal Publishers | ||
| 082 | _a339 | ||
| 100 |
_aChaturvedi, D.D. _959737 |
||
| 245 |
_aPrinciples of Micro Economics-I/ _cby D.D. Chaturvedi |
||
| 260 |
_aNew Delhi _bKitab Mahal _c2023 |
||
| 270 |
_a4655/21, Ansari Road, Daryaganj _bDelhi _e110002 |
||
| 300 |
_a240p. _c21cm(pbk) |
||
| 500 | _aFor B.Com(H), G.E. -4 & B.A. Semester - II, Delhi University (As per National Education Policy 2020) | ||
| 942 |
_2ddc _cEN _mCHA _h339 |
||
| 999 |
_c196731 _d196731 |
||